| 000 | 00500nam a22001937a 4500 | ||
|---|---|---|---|
| 999 |
_c18376 _d18376 |
||
| 008 | 200728b xxu||||| |||| 00| 0 eng d | ||
| 020 | _a1498734226 | ||
| 050 |
_aQA280 _b.W39 2017c.1 |
||
| 100 | _aWoodward, Wayne A. | ||
| 245 | _aApplied Time Series Analysis with R | ||
| 250 | _a2nd ed. | ||
| 260 |
_bCRC Press _c2017 |
||
| 300 | _axv, 618p. | ||
| 650 |
_aTime _vSeriesdAnalysis |
||
| 650 |
_aR _vComputer program |
||
| 700 | _aHenry L. Gray | ||
| 700 | _aAlan C. Elliott | ||
| 942 |
_2lcc _cBK |
||